ბათუმის შოთა რუსთაველის სახელმწიფო უნივერსიტეტის ბიბლიოთეკა

შრომის დიდება: მოთხრობები და ნარკვევები (ბიბ.ჩანაწერი № 48335)

000 -LEADER
fixed length control field 00805nam a2200205Ia 4500
001 - CONTROL NUMBER
control field 15223
003 - CONTROL NUMBER IDENTIFIER
control field GE_BSU
008 - FIXED-LENGTH DATA ELEMENTS--GENERAL INFORMATION
fixed length control field 181216s||||||||xx |||||||||||||| ||und||
040 ## - CATALOGING SOURCE
Transcribing agency GE_BSU
080 ## - UNIVERSAL DECIMAL CLASSIFICATION NUMBER
Universal Decimal Classification number 821.353.1-32 + 821.353.1-4
245 ## - TITLE STATEMENT
Title შრომის დიდება: მოთხრობები და ნარკვევები
245 ## - TITLE STATEMENT
Statement of responsibility, etc. შეადგინეს ნ. წერეთელმა და გ. ჯულუხაძემ ; წინასიტყვ. ნ. წერეთლისა.
260 ## - PUBLICATION, DISTRIBUTION, ETC.
Place of publication, distribution, etc. თბილისი
260 ## - PUBLICATION, DISTRIBUTION, ETC.
Name of publisher, distributor, etc. მერანი
260 ## - PUBLICATION, DISTRIBUTION, ETC.
Date of publication, distribution, etc. 1975
300 ## - PHYSICAL DESCRIPTION
Extent 431გვ.23სმ.
653 ## - INDEX TERM--UNCONTROLLED
Uncontrolled term მოთხრობები და ნარკვევები
653 ## - INDEX TERM--UNCONTROLLED
Uncontrolled term შრომის დიდება
942 ## - ADDED ENTRY ELEMENTS (KOHA)
Koha item type წიგნი
ეგზემპლარები
Withdrawn status Lost status Damaged status Not for loan Date acquired Barcode Date last seen Price effective from Koha item type
        2018-12-17 38252 2018-12-17 2018-12-17 წიგნი